000 00285nam a22001337a 4500
008 170724b xxu||||| |||| 00| 0 eng d
020 _a785342193756
041 _aeng
080 _a004
100 _a29
101 _aSHKI
245 _aCLASSROOM IN A BOOK
_cADOBE
942 _2udc
_cBK
999 _c21778
_d21778